Normal view
MARC view
Entry Personal Name
001 - CONTROL NUMBER
- control field: 15737
003 - CONTROL NUMBER IDENTIFIER
- control field: BD-RjUL
005 - DATE AND TIME OF LATEST TRANSACTION
- control field: 20250622163003.0
008 - FIXED-LENGTH DATA ELEMENTS
- fixed length control field: 250622|| aca||aabn | a|a d
040 ## - CATALOGING SOURCE
- Original cataloging agency: BD-RjUL
- Transcribing agency: BD-RjUL
100 ## - HEADING--PERSONAL NAME
- Personal name: Healy, Timothy
670 ## - SOURCE DATA FOUND
- Source citation: Work cat.: (BD-RjUL)85030: Donne, John, 1572-1631. 68966, selected prose /, 1967